000 00527nam a2200193 a 4500
001 20760
005 20180713214408.0
008 140415s1995 000 0 spa d
020 _a9688604461
041 _aspa
082 _a153.35
_bROD
100 1 _aRodríguez Estrada, Mauro,.
245 1 0 _aPSICOLOGIA DE LA CREATIVIDAD :
_bMANUAL DE SEMINARIOS VIVENCIALES
250 _a3a ed.
260 _a[s.l.] :
_bPAX,
_c1995
300 _a189
490 _aCREATIVIDAD SIGLO XXI
650 1 4 _aAPTITUD CREADORA
999 _c20760
_d20760